CHIIKAWA CHARACTERS - Statistics

General Stats
  • This quiz has been taken 24 times
  • The average score is 7 of 8
Answer Stats
Hint Answer % Correct
Main Chiikawa
100%
Cat Hachiware
100%
Rabbit Usagi
100%
Flying Squirrel Momonga
94%
Honey Badger KuriManjū
81%
Sea Otter Rakko
81%
Okinawan lion-dog Shisa
81%
Rhino beetle Chikabu
13%
No matching quizzes found
Score Distribution
Percent of People with Each Score
Percentile by Number Answered
Your Score History
You have not taken this quiz